Quick Pick: Famous Betty Quiz Stats

 Plays Quiz Updated Apr 12, 2020

     
Support Sporcle.
Go Orange.
Score 0/13 Timer 01:30
1 Play Today
% Correct
Betty Boop
93.1%
Betty Suarez
92%
Betty Rubble
90.7%
Betty White
90.4%
Betty Ford
81.7%
Bette Davis
79.1%
Betty Rizzo
68.2%
Betty Grable
67.6%
Betty Draper
63.6%
Betty Friedan
62.7%
Bettie Page
51.6%
Betty Cooper
49.1%
Betty Ross
33.7%

Today's Daily Dose

From the Vault

10 to 1: Fast Food

by senordingdong

Would you like to Super Size your Sporcle quiz?
Remove Ads.
Support Sporcle.
Get the best of Sporcle when you Go Orange. This ad-free experience offers more features, more stats, and more fun while also helping to support Sporcle. Thank you for becoming a member.

Show Comments

Extras

Top Quizzes Today


Score Distribution

Your Account Isn't Verified!

In order to create a playlist on Sporcle, you need to verify the email address you used during registration. Go to your Sporcle Settings to finish the process.

Report this User

Report this user for behavior that violates our Community Guidelines.

Details: